[Event "73rd RUS-ch Superfinal 2020"]
[Site "Moscow"]
[Date "2020.12.05"]
[Round "1.1"]
[White "Antipov, Mikhail Al"]
[Black "Karjakin, Sergey"]
[Result "0-1"]
[WhiteElo "2611"]
[BlackElo "2752"]
[Annotator "Cé.Ha."]
[PlyCount "90"]
[EventDate "2020.??.??"]

1. e4 e5 2. Nf3 Nc6 3. Bc4 Bc5 4. d3 (4. c3 Nf6 5. d3 d6 6. O-O a6 7. a4 h6 8.
Re1 O-O 9. h3 a5 10. d4 Ba7 11. Bb3 Re8 12. Bc2 Bd7 13. Na3 Qc8 14. Nb5 Bb6 15.
Bb1 exd4 16. cxd4 Nb4 17. Ra3 Re7 18. e5 dxe5 19. dxe5 Nfd5 20. Nh4 Qe8 21. Qe2
Nc6 22. Nf3 Rd8 23. Kh2 f5 24. g4 fxg4 25. Qd3 g6 26. Qxd5+ Be6 27. Qe4 gxf3
28. Rg1 Bf7 29. Ba2 Bxa2 30. Rxg6+ Qxg6 31. Qxg6+ Rg7 32. Qxg7+ Kxg7 33. Rxa2
Rd1 34. Ra1 Kf7 {0-1 (34) Giri,A (2797)-Karjakin,S (2753) Shamkir 2019}) 4...
Nf6 5. Bg5 Be7 (5... h6 6. Bh4 d6 7. h3 Be6 8. Bb3 g5 9. Bg3 Qd7 10. Nc3 O-O-O
11. Qd2 Nh5 12. Bh2) 6. Nc3 d6 7. a4 (7. h3 O-O 8. O-O Be6 9. Bb3 h6 10. Be3 d5
11. exd5 Nxd5 12. Nxd5 Bxd5 13. Bxd5 Qxd5 14. Re1) 7... O-O 8. h3 Be6 9. Bxf6 (
9. Bxe6 fxe6 10. O-O Qd7 11. a5 b6 12. axb6 axb6 13. Be3 Rxa1 {is gelijk.})
9... Bxf6 10. Bxe6 fxe6 11. Ne2 (11. O-O d5 12. Qe2 Qd7 13. Nb1 a5 14. Nbd2
Rad8 15. Nb1 Ra8 16. Nbd2 Rad8 17. g3 Be7 18. Kg2 Bd6 19. h4 Qe8 20. c3 h6 21.
Rh1 Qh5 22. Rae1 Bc5 23. Rhf1 Qg6 24. Nh2 Rf6 25. h5 Qh7 26. Ng4 Rf7 27. Nf3
Bd6 28. Nh4 Ne7 29. Qd1 d4 30. Qb3 dxc3 31. bxc3 Kh8 32. Qxe6 Qg8 33. Qc4 Qe8
34. Rh1 Rf8 35. Qe6 Qc6 36. Ng6+ Nxg6 37. hxg6 Bc5 38. Rxh6+ {1-0 (38) Yu,Y 
(2738)-Vidit,S (2707) Danzhou 2019}) 11... Qd7 12. c3 Rf7 13. h4 Raf8 14. b4
Kh8 15. Ra2 Bd8 16. Neg1 Ne7 17. Ng5 Rf6 18. Kf1 $5 c5 (18... a5 19. b5 c6 20.
bxc6 Nxc6 {zwart een tikkeltje.}) 19. bxc5 dxc5 20. N5f3 Nc6 21. Rd2 Ba5 (21...
Bb6 22. Rh3) 22. Qb3 a6 23. Rd1 h6 24. h5 Kh7 25. Qc4 Qd6 26. Ne2 Rb8 27. Rb1
Bc7 28. Rh3 Na5 29. Qa2 b5 30. axb5 axb5 (30... Rxb5 31. Re1 Qb6 {weer gelijk.}
) 31. Rd1 b4 32. cxb4 cxb4 33. d4 $2 {(Lijkt goed, maar valt totaal verkeerd
uit. Wit heeft momenteel een redelijk nutteloze toren bovendien.)} (33. Qb2 Rd8
34. Rb1 Nc6 {en zwart iets beter.}) 33... b3 $1 34. Qb1 Qb6 35. dxe5 (35. Kg1
b2 36. Nd2 Kg8 37. Rd3 {zwart duidelijk plus.}) (35. Qd3 b2 36. Rb1 Qb4 {en
zwart dreigt te winnen.}) 35... Rf7 36. g4 b2 37. g5 Kh8 38. gxh6 $2 (38. g6
Rff8 39. Ned4 Rbd8 (39... Nc4 40. Kg2 Rbd8 41. Rd3 Rxf3 $1 42. Rhxf3 Nxe5 {
zwart wint.}) 40. Rd3 {zwart wint.}) 38... gxh6 39. Ned4 Nc6 (39... Nc4 40. Rg3
Rd8 41. Qd3 Nxe5 {zwart!}) 40. Nxc6 Qxc6 41. Nh4 Qc4+ (41... Qb5+ 42. Rhd3 Ra8)
42. Rhd3 Rb3 $1 43. Ng6+ Kg7 44. Kg1 {(Zie diagram)(En zwart maakt het af.)}
Rxd3 45. Rxd3 Qc1+ {(met al zeker stukverlies. Zie:)} (45... Qc1+ 46. Rd1 Qg5+
47. Kf1 Qxh5 48. f4 Qf3+ 49. Kg1 Qg3+ 50. Kf1 Bb6) 0-1

[Event "70th RUS-ch Women Superfinal 2020"]
[Site "Moscow"]
[Date "2020.12.05"]
[Round "1.2"]
[White "Shuvalova, Polina"]
[Black "Guseva, Marina"]
[Result "1-0"]
[WhiteElo "2454"]
[BlackElo "2352"]
[Annotator "Cé.Ha."]
[PlyCount "119"]
[EventDate "2020.??.??"]

1. e4 c5 2. Nf3 d6 3. d4 cxd4 4. Nxd4 Nf6 5. Nc3 a6 6. h3 (6. Be3 e5 7. Nb3 Be7
8. f3 Be6 9. Qd2 h5 10. Nd5 Nxd5 11. exd5 Bf5 12. Be2 O-O 13. O-O Nd7 14. Na5
Qc8 15. c4 Bd8 16. Rac1 Re8 17. Kh1 Nc5 18. Nb3 Bb6 19. Nxc5 Bxc5 20. b4 Bxe3
21. Qxe3 a5 22. a3 axb4 23. axb4 e4 24. c5 dxc5 25. bxc5 Qd7 26. Qb3 exf3 27.
Bxf3 Bg4 28. d6 Bxf3 29. Rxf3 Re5 30. h3 Rae8 31. Rcf1 Rf8 32. Qc4 Qe6 33. Qxe6
Rxe6 34. Rb1 Rb8 35. Rfb3 Kf8 36. Rxb7 Rxb7 37. Rxb7 Ke8 38. c6 Rxd6 39. Rb8+ {
1-0 (39) Robson,R (2673)-Giri,A (2763) chess.com INT 2020}) 6... e5 7. Nde2 h5
8. g3 Be6 9. Bg2 b5 10. a4 (10. O-O Nbd7 11. Be3 Be7 12. Nd5 Nxd5 13. exd5 Bf5
14. f4 Rc8 15. c3 g6 16. Qd2 b4 17. fxe5 bxc3 18. bxc3 dxe5 19. d6 Bf6 20. Rad1
Kf8) 10... b4 11. Nd5 Bxd5 (11... Nxd5 12. exd5 Bf5 13. c3 bxc3 14. Nxc3 Nd7 (
14... Be7 15. O-O) 15. O-O) 12. exd5 Nbd7 13. O-O Be7 14. c3 bxc3 15. Nxc3 Rb8
16. a5 h4 $1 17. Qe2 Nc5 18. Be3 Nfd7 19. Rfb1 (19. Na4 Rb5 20. Nxc5 Nxc5 21.
Bxc5 dxc5 (21... Rxc5 $2 22. Qxa6 {en wit duidelijk overwicht.}) 22. Qxe5 O-O {
gelijk.}) 19... Rb3 20. Na4 (20. g4 O-O 21. Ne4 Qc7 {wit iets beter.}) 20...
hxg3 21. fxg3 O-O 22. Kh2 Nxa4 23. Rxa4 Qb8 24. Bf2 Qb7 25. Rc4 Rb5 26. Qc2 Bd8
$1 (26... Rxa5 $4 27. Rc7 Qb5 28. Bf1 Qxd5 {en stuk.}) 27. Be1 (27. Rc6 Nb8 28.
Rxd6 Qc7 29. Rc6 {gelijk.}) 27... Nb8 {(En wit komt beter.)} (27... Nf6 28. Rc6
Bxa5 29. Bxa5 Rxa5 30. b4 Rb5 {gelijk.}) 28. Be4 (28. Bf1 $1 {behoudt druk.})
28... f5 $2 {(Zie diagram)(dit verliest.)} (28... Nd7 29. Rc6 Nc5 30. Bh7+ Kh8
31. Bc3 g6 32. Bxg6 fxg6 33. Rxd6 Bf6 34. Rf1 {gelijk.} Qe7 35. Rb6 Rxb6 36.
axb6 Nd7) 29. Bxf5 $1 Qxd5 30. Rd1 Qf7 31. Rxd6 Qxf5 32. Qxf5 Rxf5 33. Rxd8+
Kh7 34. Bc3 Rf2+ 35. Kg1 Rf6 36. Kg2 (36. Rxb8 Rxb8 37. Bxe5 Rff8 {wit wint.})
36... Nc6 37. Rh4+ $1 Kg6 (37... Rh6 38. Rxh6+ gxh6 39. Rd7+ Kg8 {en wit
blijft beter.}) 38. Rd7 Nxa5 39. Rg4+ Kf5 40. Rgxg7 (40. Rdxg7 $1 {is
duidelijk sterker.}) 40... Nc4 41. Kf3 Ke6+ 42. Ke2 $1 Nxb2 43. g4 Rf8 44.
Rge7+ Kf6 45. h4 Rc5 $2 (45... Na4 46. Bd2 Rb2 47. g5+ Kf5 48. Rf7+ Rxf7 49.
Rxf7+ Ke6 50. Rc7 {en wit duidelijk plus}) 46. g5+ (46. Bxb2 Rc2+ 47. Ke3 Rxb2)
46... Kg6 47. Rg7+ Kh5 48. Rh7+ (48. Bxb2 Rc2+ 49. Rd2 Rf2+ 50. Kxf2 Rxd2+ 51.
Kf3 e4+ 52. Kf4 (52. Kxe4 Rxb2 53. Rh7+ Kg6 54. Rh6+ {en wit wint.}) 52... Rf2+
53. Kg3 (53. Kxe4 Rxb2 54. Rh7+ Kg6 55. Rh6+) 53... Rxb2 {wit plus.}) 48... Kg4
49. Bxb2 Rc2+ 50. Rd2 $1 Rf2+ 51. Kxf2 Rxd2+ {[#]} 52. Ke3 Rxb2 53. g6 Kf5 54.
g7 Rb3+ 55. Kd2 Rb2+ 56. Kd1 (56. Kc3 Rg2 57. h5 Kf6 58. h6 Rg3+ 59. Kc4 Rg4+
60. Kc5 {wit wint.}) 56... Rg2 57. h5 a5 (57... Kf6 58. h6 Kf7 59. Rh8) 58. h6
a4 59. Rh8 a3 60. Ra8 1-0

[Event "70th RUS-ch Women Superfinal 2020"]
[Site "Moscow"]
[Date "2020.12.06"]
[Round "2.1"]
[White "Kosteniuk, Alexandra"]
[Black "Galliamova, Alisa"]
[Result "0-1"]
[WhiteElo "2471"]
[BlackElo "2438"]
[Annotator "Cé.Ha."]
[PlyCount "91"]
[EventDate "2020.??.??"]

1. e4 e5 2. Nf3 Nc6 3. Bb5 a6 4. Ba4 Nf6 5. O-O Be7 6. Re1 b5 7. Bb3 d6 8. c3
O-O 9. h3 Nb8 (9... Na5 10. Bc2 c5 11. d4 Qc7 12. Nbd2 cxd4 13. cxd4 Nc6) 10.
d4 Nbd7 11. Nbd2 Bb7 12. Bc2 Re8 13. Nf1 Bf8 14. Ng3 g6 15. a4 c5 16. d5 c4 17.
Bg5 Qc7 (17... h6 18. Be3 Nc5 19. Qd2 h5 20. Bg5 Be7 21. Ra3 $1 Nfd7) 18. Qd2
Reb8 (18... Bg7 19. Nh2 Nc5 20. Rf1) 19. Rf1 Bc8 20. Kh1 Bg7 21. Bh6 bxa4 22.
Nh4 $5 (22. Bxa4 Nc5 23. Bxg7 Kxg7 24. Bc6) (22. Bxg7 Kxg7 23. Bxa4 Nc5 24. Bc6
Nb3 25. Qe3 Nxa1 26. Rxa1 (26. Bxa8 Nb3 27. Bc6 Na5 {en zwart plus.}) 26... Ra7
27. Nd2 Rxb2 28. Nxc4 Rb3 29. Nxd6 {gelijk.}) 22... Qd8 23. Bxg7 Kxg7 24. Qg5
Qf8 25. Rab1 $5 (25. Rfb1 h6 26. Qe3 {en gelijk.}) 25... Ra7 (25... h6 26. Qd2
Nc5 {zwart beter.}) 26. Bxa4 Rab7 27. f4 $4 (27. Nhf5+ Kh8 28. Nh6 Ng8 29. Bxd7
Bxd7 30. Nxg8 Kxg8 31. Nh5 h6 32. Nf6+ Kg7 33. Nxd7 hxg5 34. Nxf8 Kxf8 35. f3
Rxb2 36. Rxb2 Rxb2 37. Ra1 {Gelijk.}) 27... h6 $1 28. Nhf5+ Kh7 29. Qh4 gxf5 ({
Beter:} 29... exf4 $1 30. Qxf4 gxf5 31. Qxf5+ ({nog slechter is:} 31. Nxf5 Ne5)
31... Kh8 32. Qf2 Nh7 {en zwart duidelijk plus. Niet gezien? Het ziet er niet
naar uit dat het stuk terugkomt!)}) 30. fxe5 dxe5 31. Nxf5 Ng8 (31... Rxb2 32.
Rxb2 Rxb2 33. Bxd7 Nxd7 34. d6 a5 (34... Rb6 35. Qe7 Qxe7 36. dxe7 Nf6 37. Nd6
$1 Rxd6 38. Rxf6 Rd1+ 39. Kh2 Bd7 40. Rxa6 {en het komt nog gelijk.}) 35. Ne7
Qg7 36. Rf2 Rxf2 37. Qxf2 Qf6 38. Qa7 Qxd6 39. Nxc8 Qe6 40. Qxa5 Nf6 41. Qb6
Qxb6 42. Nxb6 Nxe4 43. Nxc4 f6 44. g4 Nxc3 (44... Kg6) 45. Kg2 {zwart blijft
beter maar....}) 32. Rf2 $2 {(Zie diagram)(De moeder van de porseleinen kast!
Te voorzichtig en verlies.)} (32. Ne3 Nc5 33. Bc2 Rxb2 34. Nxc4 Rxb1 35. Bxb1 {
gelijk.}) (32. Bxd7 Rxd7 (32... Bxd7 33. Nd6 $1 (33. Ne3 f6 {en zwart plus.})
33... Qxd6 34. Rxf7+ Kh8 35. Qg3 Bg4 36. Rxb7 Rxb7 37. Qxg4 {en zwart miniem
voordeel.})) 32... Nc5 33. Bc6 (33. Bc2 Bxf5 34. Rxf5 Rxb2 35. Rxb2 Rxb2 {wit
verliest.}) 33... Bxf5 34. Bxb7 $2 (34. Rxf5 Rxb2 35. Rxb2 Rxb2 36. d6 f6 37.
Bd5 Nb7 {zwart wint.}) 34... Bg6 $1 (34... Rxb7 35. Rxf5 {en wit komt terug in
spel.}) (34... Bxe4 35. Re1 Bg6 (35... f5) 36. Bc6 Nd3 {zwart wint}) 35. Bc6 {
(Wit mag wel opgeven)} Nxe4 36. Rff1 Nd2 37. Rfd1 Nxb1 38. d6 Qd8 39. Qxc4 Nf6
40. b4 Kg7 41. d7 {(wie weet)} Qb6 (41... Qe7 42. Ba4 Rd8) 42. Rd6 Nxd7 $1 43.
Rxd7 (43. Bxd7 Qxd6) 43... Qe3 44. Bd5 Rf8 45. Qg4 Nxc3 46. Qf4 0-1

[Event "73rd RUS-ch Superfinal 2020"]
[Site "Moscow"]
[Date "2020.12.06"]
[Round "2.2"]
[White "Chigaev, Maksim"]
[Black "Dubov, Daniil"]
[Result "1-0"]
[WhiteElo "2619"]
[BlackElo "2702"]
[Annotator "Cé.Ha."]
[PlyCount "73"]
[EventDate "2020.??.??"]

1. e4 c5 2. Nf3 Nc6 3. Bb5 g6 4. Bxc6 (4. O-O Bg7 5. c3 Nf6 6. Re1 O-O) 4...
bxc6 5. O-O Bg7 6. Re1 Nh6 7. c3 O-O 8. h3 (8. d4 cxd4 9. cxd4 d5 10. e5 f6)
8... f5 9. e5 Nf7 10. d3 h6 (10... Ba6 11. c4 d6 12. e6 Ne5 13. Nxe5 Bxe5 14.
Nd2 Bg7 15. Nf3 d5 16. Qa4 Qc8 17. Ne5 dxc4 18. dxc4 f4 19. Bd2 Rf5 20. Bc3
Bxe5 21. Bxe5 Qxe6 22. Bc3 Qxc4 23. Qxc6 Rc8 24. Qd7 Qb5 25. Qe6+ Rf7 26. Qe5
Rf6 27. Qxe7 Rf7 28. Qe5 {1-0 (28) Bok,B (2598)-Mamedov,R (2688) Doha 2016})
11. d4 cxd4 12. cxd4 e6 13. b3 c5 (13... d6 14. Nbd2 dxe5 15. dxe5 Qe7 {wit
iets beter.}) 14. Ba3 d6 15. Nbd2 $1 Re8 (15... dxe5 16. dxe5 Qa5 17. Qc1 Bb7
18. Bxc5 Rfd8 19. Be7 Rd3 20. Nc4 Qb5 21. Re3 Qd7 22. Bd6 Rd5 {wit een kleine
plus.}) 16. Nc4 ({Slechter is:} 16. dxc5 dxe5 17. Bb2 e4 18. Bxg7 Kxg7 19. Nh2
{en zwart is plus.}) ({Sterker voor wit is:} 16. exd6 cxd4 17. Nc4 Ba6 18. Nxd4
Qd7 19. Rc1 Rac8 {en wit duidelijk plus.}) 16... Bb7 17. dxc5 dxe5 18. Nfxe5
Nxe5 19. Nxe5 Be4 20. Nc4 $5 Bxa1 21. Qxa1 Qg5 22. g3 e5 23. Nxe5 ({
Verschillende varianten komen beter uit voor wit.} 23. Qc3 Qf6 24. Nd6 $1 Re6
25. Bb2 (25. Qc4 Kh7 26. Bb2 (26. Nxe4 fxe4 27. Qxe4 Rd8 28. Bb2 (28. Bc1 Rd4
29. Qe3)))) 23... Re6 24. Qd4 Rae8 25. Nd7 $1 Bc6 26. Rxe6 Rxe6 $1 {(Zwart
dreigt eventjes.)} 27. Ne5 (27. Bb2 $2 Re1+ 28. Kh2 Rh1#) 27... Qf6 (27... Qe7
28. Bb2 Kf8 29. Bc3 {wit plus}) 28. Bb2 f4 $2 {(Zie diagram)(Ik vermoed een
poging tot "swindelen". De zet op zich verslecht de zwarte toestand nog.
Verschillende varianten leiden allemaal tot plus voor wit. Ja een kwaliteit is
niet immer voldoende.)} (28... Ba8 29. Qc4 {wit duidelijk plus.} Kh7 30. Nd3
Qe7 31. Qc3 Qf8 32. Nf4 Re7 33. c6 g5 34. Nh5 Kg6 35. g4 Rc7 36. gxf5+ Qxf5 (
36... Kxf5 $4 37. Qf3+) (36... Kxh5 {en mat volgt}) 37. Ng3) (28... Be4 29. Qc4
Kh7 30. Nd7 Qxb2 31. Nf8+ Kg8 32. Nxe6 Qb1+ 33. Qf1 Qc2 34. Qa1 Kf7 35. Nd8+
Kg8 36. c6 Bxc6 37. Nxc6 Qxc6 {wegens de pluspion is wit plus, maar ik durf
niet aan een analyse beginnen met dames, waar liefdesverklaringen aan de
andere koning voortdurend de uitslag komen beinvloeden.}) (28... Qxe5 29. Qxe5
Rxe5 30. Bxe5 {twee pluspionnen voor wit, doch lopers van verschillende velden
maakt de zaak niet zo eenvoudig. Ook moet men rekening houden met de slechte
randpion op de a-lijn voor wit. Met enig geduld zou wit wel kunnen winnen.}) (
28... Rxe5 29. Qxe5 (29. Qc4+ Bd5 30. Qxd5+ $1) 29... Qxe5 30. Bxe5) 29. gxf4
$1 Be8 (29... Rxe5 30. Qxe5 (30. fxe5 Qf3 {en wit verspilt de winstkansen!})
30... Qxe5 31. fxe5 ({iets minder is:} 31. Bxe5 Bd7) 31... g5 {wit wint.}) 30.
Kh2 Re7 31. c6 Bxc6 $2 32. Qc4+ Kh7 33. Qxc6 Qxc6 34. Nxc6 Re2 35. Bd4 Rxa2 36.
Nxa7 Rd2 37. Bc5 1-0

[Event "70th RUS-ch Women Superfinal 2020"]
[Site "Moscow"]
[Date "2020.12.07"]
[Round "3.1"]
[White "Shuvalova, Polina"]
[Black "Kosteniuk, Alexandra"]
[Result "1-0"]
[WhiteElo "2454"]
[BlackElo "2471"]
[Annotator "Cé.Ha."]
[PlyCount "87"]
[EventDate "2020.??.??"]

1. d4 Nf6 2. c4 e6 3. g3 d5 4. Bg2 dxc4 (4... Be7 5. Nf3 O-O 6. O-O dxc4 7. Qc2
a6 8. a4 Bd7) 5. Nf3 a6 6. Ne5 (6. O-O Nc6 7. e3 Bd7 (7... Rb8 8. Nfd2 e5 9.
Bxc6+ bxc6 10. dxe5 Ng4 11. Nxc4 Be6 12. Nbd2 Bb4 13. Qe2 Qd5 14. f4 Qb5 15. a4
Qc5 16. b3 h5 17. h3 Nh6 18. Ne4 Qa7 19. Ng5 Bd5 20. Qc2 Bc5 21. Rf2 g6 22. e6
Nf5 23. exf7+ Kf8 24. Ne5 Bxe3 25. Bxe3 Qxe3 26. Nxg6+ Kg7 27. Qxf5 Qxg3+ 28.
Kf1 Qc3 29. Re1 {1-0 (29) Ivanchuk,V (2698)-Wemmers,X (2380) Caleta 2020}) 8.
Qe2 b5 9. b3 cxb3 10. axb3 Be7 11. Bb2 O-O) 6... Bb4+ 7. Nc3 Nd5 8. O-O (8. Bd2
Nb6 9. e3 N8d7 10. Nxd7 Qxd7 11. Ne4 a5 12. O-O O-O) 8... Nxc3 9. bxc3 Be7 {
(Volgens de theorie is dit geen goede zet. Zwart moet c3 slaan.)} (9... Bxc3
10. Rb1 Qxd4 11. Qxd4 (11. Qa4+ b5 12. Qa3 Qxe5 13. Bf4 Qf6 14. Bxc7 Be5 15.
Bxe5 Qxe5 16. Bxa8 Qc7 17. Bg2 f6 18. Rfd1 Kf7 19. Qd6 Qxd6 20. Rxd6 {met
goede vooruitzichten voor wit.}) 11... Bxd4 12. Nxc4 Nd7 {en het komt gelijk.})
10. Rb1 Ra7 11. a4 b6 12. Nxc4 O-O 13. e4 Nd7 14. Re1 (14. e5 a5 15. Qg4 (15.
Na3 Bb7 16. Nb5 Bxg2 17. Kxg2 Qa8+ 18. f3) 15... Re8 16. Rd1 Nf8 17. h4) 14...
Bb7 15. Bf4 Nf6 (15... Bg5 16. Bxg5 Qxg5 {wit plus}) 16. Qc2 h6 17. h3 Ne8 18.
Rbd1 Nd6 19. Ne5 Qe8 20. c4 f6 21. Nd3 Bc6 22. Qa2 Bxa4 23. c5 Nf7 (23... Bxd1
$2 24. cxd6 (24. Rxd1 bxc5 25. Nxc5 Nb5 $11) 24... cxd6 25. Rxd1 (25. Qxe6+ Qf7
26. Qxf7+ Kxf7 27. Rxd1) 25... Qf7 26. d5 e5 (26... exd5 $2 27. e5 $1 Kh8 28.
exd6 Bd8 29. Bxd5 Qh5 30. Re1 {en wit wint.})) 24. Rd2 bxc5 $1 25. Qxe6 ({Wit
geeft voordeel weg! Sterker was:} 25. e5 fxe5 26. dxe5 Bb5 {en wit plus.})
25... cxd4 26. e5 f5 (26... Bb5 27. Qa2 Qc8 28. Rc1) 27. Qxf5 Ng5 28. Qg4 h5
29. Bd5+ (29. Qe2 Ne6 30. Bd5 Bd7 31. Qe4 c5 32. Rb2 {wit een beetje beter.})
29... Kh8 30. Qe2 Nxh3+ 31. Kg2 g6 $2 {(Eerste zwakke zet. Maar een ongeluk
komt niet alleen zullen we zien.)} (31... Nxf4+ 32. Nxf4 Rxf4 $1 33. gxf4 Bb4
34. Rxd4 Bb5 35. Bc4 {gelijk.}) (31... Bb5 32. Qe4 Nxf4+ 33. Nxf4 Rxf4 34. Qxf4
Bb4 35. Rh1 Bxd2 36. Qxd2 c6 37. Bf3 g6 38. Qxd4 Re7 {gelijk.}) 32. Bh6 (32.
Kxh3 $2 Qd7+ 33. e6 Qxd5) 32... Qd7 $2 {(Zie diagram)(Gedachtenknoop?
Tijdnood? Kosteniuk geeft de partij hier weg!)} (32... Rf5 33. Qe4 (33. Kxh3 $2
Qd7 $1 {is te gevaarlijk wegens dreigingen op de witte dame!}) 33... Bg5 34.
Bxg5 Nxg5 35. Qxd4 {en wit duidelijk plus.}) 33. Bxf8 Qxd5+ 34. Kxh3 Bxf8 35.
Nf4 Qf7 36. Rxd4 Bb5 37. Qe4 c5 38. Rd8 Kg7 39. e6 Qf6 40. Qxg6+ $1 Qxg6 41.
Nxg6 Be7 (41... Kxg6 42. Rxf8) 42. Nxe7 Rxe7 43. Rd5 Rc7 44. Rxh5 1-0

[Event "70th RUS-ch Women Superfinal 2020"]
[Site "Moscow"]
[Date "2020.12.08"]
[Round "4.2"]
[White "Goryachkina, Aleksandra"]
[Black "Galliamova, Alisa"]
[Result "1-0"]
[WhiteElo "2592"]
[BlackElo "2438"]
[Annotator "Cé.Ha."]
[PlyCount "75"]
[EventDate "2020.??.??"]

1. c4 e5 2. Nc3 Nc6 3. Nf3 f5 4. g3 (4. d4 e4 5. Ng5 Nf6 6. e3 h6 7. Nh3 g5 8.
Be2 Bg7 9. Bh5+ Kf8 10. Be2 d5 11. cxd5 Ne7 12. Bc4 Nexd5 13. Nxd5 Nxd5 14. f3
exf3 15. Qxf3 Nb6 16. Qe2 Nxc4 17. Qxc4 Bf6 18. O-O) 4... Nf6 5. d4 e4 6. Nh4
d5 (6... d6 7. Bh3 g6 8. Bg5 Bg7 9. O-O O-O) 7. Bg5 Be7 8. e3 O-O 9. Bxf6 (9.
Ng2 Ng4 10. Bxe7 Nxe7 11. Nf4 g5 12. Nfxd5 Nxd5 13. cxd5 f4 14. Be2 Nf6 (14...
Qf6) 15. Qc2 Kh8 16. O-O-O {wit is duidelijk beter na deze opening.}) 9... Bxf6
10. cxd5 Ne7 $1 (10... Bxh4 11. dxc6 f4 12. cxb7 fxe3 13. bxa8=Q exf2+ 14. Kd2
e3+ 15. Kc1 e2 16. Bxe2 Bg5+ 17. Kc2 Bf5+ {1-0 (17) Stremavicius,T (2474)
-Kocur,M (1889) Saint Quentin 2019}) 11. Ng2 Nxd5 12. Bc4 Be6 13. Nxd5 (13. Qb3
c6 14. Nf4 Nxf4 15. Bxe6+ Nxe6 16. Qxe6+ Kh8 17. Qxf5 Bxd4 18. Qxe4 Qf6 19. O-O
Bxc3 20. bxc3 Qxc3 {met weinig verschil.}) 13... Bxd5 14. Qb3 Bxc4 15. Qxc4+
Kh8 16. Nf4 Qd6 17. h4 c6 $2 {(Zie diagram)(Op het eerste gezicht zou je het
niet denken, Galliamova heeft het ook overzien, maar de volgende zet van wit
zal het duidelijk maken wat er mis is!)} ({Verplicht was:} 17... g6 18. Rc1
Rac8 19. Kf1 Rfe8 20. Kg2 {en wit slechts weinig beter.}) 18. h5 $1 Bg5 (18...
h6 19. Ng6+ Kh7 20. Nxf8+ Rxf8) 19. Ne6 Bxe3 $2 (19... Be7 20. Nxf8 Bxf8 21.
Qf7 Be7 22. h6 gxh6 23. Qxf5 Qb4+ 24. Kf1 Rf8 25. Qe5+ Kg8 26. Qe6+ Rf7 27.
Qg4+ Kf8 {en wit wint}) 20. Nxf8 ({Niet:} 20. fxe3 b5 21. Qb3 Qxg3+ 22. Kd1
Qf3+ 23. Kc2 Qg2+ 24. Kc3 b4+ 25. Qxb4 Rab8 26. Qa3 Qe2 27. Rad1 Qxe3+ 28. Kc2
Qxa3 29. bxa3 Rfe8 {en wit blijft beter, maar zwart heeft tegenspel.}) 20...
Bh6 21. Ne6 b5 22. Qb3 Re8 23. Nf4 e3 24. fxe3 Bxf4 25. gxf4 Qxf4 {(De laatste
kramp van zwart. Met ongeveer gelijke wapens want de witte torens spelen nog
geen grote rol.)} 26. Ke2 c5 27. dxc5 Qg4+ 28. Kf2 f4 {(Foei de zwarte dame
probeert de witte koning in zijn blootje te zetten. Opletten!)} 29. e4 f3 (
29... Rxe4 30. Qd3 Re8 (30... Qg3+ 31. Qxg3 fxg3+ 32. Kxg3) 31. Rag1 {allemaal
nutteloos}) 30. Qxf3 Qg5 31. b4 Qd2+ 32. Kg3 h6 (32... Qg5+ 33. Kh3) 33. Rhd1
Qg5+ 34. Kh3 Qe5 35. Rac1 Qe6+ 36. Qg4 Qxa2 37. c6 Qb3+ 38. Kg2 1-0

[Event "73rd RUS-ch Superfinal 2020"]
[Site "Moscow"]
[Date "2020.12.08"]
[Round "4.5"]
[White "Antipov, Mikhail Al"]
[Black "Nepomniachtchi, Ian"]
[Result "0-1"]
[WhiteElo "2611"]
[BlackElo "2784"]
[Annotator "Cé.Ha"]
[PlyCount "60"]
[EventDate "2020.??.??"]
[WhiteTeam "Cé.Ha."]

1. e4 c5 2. Nf3 d6 3. d4 cxd4 4. Nxd4 Nf6 5. Nc3 a6 6. a3 ({Een hoofdvariant
is:} 6. Be3 e5 7. Nb3 Be6 8. f3 Be7 9. Qd2 O-O 10. O-O-O {maar wit kiest voor
iets dat minder wordt gespeeld.}) 6... e5 7. Nf3 (7. Nf5 d5 8. Bg5 d4 9. Bxf6
gxf6 10. Nb1 Bxf5 11. exf5 Qd5 12. Qd3 Nd7 13. Nd2) 7... h6 8. Bc4 Be6 9. Bb3 (
9. Bxe6 fxe6 10. O-O Nbd7 11. Ne1 Be7 12. Nd3 O-O 13. f4 Qc7 14. Kh1 Qc4 15.
Qe1 Nc5 16. Nxc5 Qxc5 17. Bd2 exf4 18. Rxf4 g5 19. Rf3 Ng4 20. Be3 Nxe3 21.
Rxe3 Bf6 22. Rd1 Be5 23. Rdd3 Rac8 24. h3 Qb6 25. b4 a5 26. Qd1 axb4 27. axb4
Rf6 28. Ne2 Rcf8 29. Rf3 Rxf3 30. gxf3 Qf2 31. f4 gxf4 32. Qg1+ Qxg1+ 33. Nxg1
Rc8 34. Nf3 Rxc2 35. b5 Rb2 36. Nxe5 dxe5 37. Rd8+ Kf7 38. Rd7+ Kf6 39. Rxb7
Rb4 40. b6 Rxe4 41. Rb8 Rb4 42. b7 Kg7 43. Re8 Rxb7 44. Rxe6 Rb1+ 45. Kg2 Re1
46. Kf3 h5 47. h4 Re3+ 48. Kf2 e4 49. Kf1 f3 50. Re5 Kf6 51. Rxh5 Ra3 52. Rh8
Kg7 {0-1 (52) Short,N (2648)-Aronian,L (2767) Caleta 2019}) 9... Nc6 10. O-O
Rc8 11. h3 Be7 12. Nh2 O-O 13. Ng4 Nxg4 14. hxg4 Bg5 15. Nd5 Nd4 (15... Bxc1
16. Rxc1 (16. Qxc1 $2 Bxd5 17. exd5 Nd4 18. Qd1 Qb6 (18... f5 19. c3 Nxb3 20.
Qxb3 fxg4 21. Rac1 {zwart plus.}) 19. Rb1 Nxb3 20. cxb3 Qb5 {en zwart plus.})
16... Na5 17. Qd3 Bxg4 18. Ne3 Qg5 19. Bd5 Rc7 {en zwart iets beter.}) 16. c3
Bxc1 (16... Nxb3 17. Qxb3 Bxc1 18. Raxc1 Bxg4 19. Ne3 Be6 20. Qxb7 Rb8 21. Qxa6
Rxb2 22. Rb1 Ra2 {gelijk.}) 17. Rxc1 Nxb3 (17... Bxg4 18. Qxg4 Nxb3 19. Qxc8 {
en alles blijft effen.}) 18. Qxb3 Bxg4 19. Qxb7 Rb8 20. Qxa6 Rxb2 21. Rb1 Be2
$1 (21... Ra2 22. c4 Kh7 23. a4) 22. Qc6 $2 {(Zie diagram)(en zwart heeft
gratis plus.)} (22. Qa7 Ra2 23. Rfe1 Qg5 (23... Bd3 24. Ne7+ Kh8 25. Rb4 {
gelijk.}) (23... Bc4 24. Nb4 {en zwart heeft niks.}) 24. Qe7 Qxe7 25. Nxe7+ Kh8
{gelijk.}) 22... Rd2 23. Rfe1 Qg5 $1 {(Wit kon bijna niet anders. Dreiging
Lf3! Zwart nog meer plus nu.)} 24. Rxe2 $5 Rxe2 25. Qxd6 Re8 (25... Rxe4 $4 26.
Qxf8+ $1) 26. Qd7 Re6 27. g3 Qh5 28. Kg2 (28. Ne7+ Kh7 29. Qe8 $1 Rxe7 30. Qxe7
Qf3 31. Rf1 Rxe4 {zwart plus.}) (28. Qd8+ Kh7 29. Ne7 Rxe7 30. Qxe7 {idem})
28... Kh7 29. Qd8 Qg4 30. Rb4 $2 (30. Qh4 $19 Qxh4 31. gxh4 Rxe4 32. Rb4 Re1 (
32... Rxb4 33. axb4 Rc6 {en zwart wint.})) 30... Rg6 {et rien en vas plus....}
0-1